| 000 | 00339nam a2200121Ia 4500 | ||
|---|---|---|---|
| 008 | 220216s9999 xx 000 0 und d | ||
| 100 | _aThongmitr Chumsin | ||
| 245 | 0 | _aHow rubber tree to receive manure with highest efficiency | |
| 260 |
_bRubber International Magazine _c2006 |
||
| 300 | _a86-89 | ||
| 650 | _aRubber manure | ||
| 942 | _cJS | ||
| 999 |
_c60510 _d60510 |
||